[Event "GER T208-C45-S email"]
[Site "GER email"]
[Date "2014.10.12"]
[Round "?"]
[White "Schneider, Hans"]
[Black "Sausner, Carsten"]
[Result "1/2-1/2"]
[WhiteElo "2003"]
[BlackElo "1502"]
[PlyCount "59"]
[EventDate "2014.10.20"]
[EventType "tourn (corr)"]
[EventRounds "8"]
[EventCountry "GER"]
[SourceTitle "Corr 2020"]
[Source "ChessBase"]
[SourceDate "2019.09.30"]
[SourceVersion "1"]
[SourceVersionDate "2019.09.30"]
[SourceQuality "1"]

1. e4 e5 2. Nf3 Nc6 3. d4 exd4 4. Nxd4 Qh4 5. Nc3 Bb4 6. Be2 Qxe4 7. Ndb5 Bxc3+ 8. bxc3 Kd8 9. 0-0 Nf6 10. Be3 Re8 11. c4 b6 12. Re1 Bb7 13. Bd3 Qh4 14. Qd2 Ne5 15. f3 Qh5 16. Bf4 d6 17. a4 a6 18. Nd4 Nxd3 19. Qxd3 Kd7 20. Red1 Qg6 21. Qd2 Nh5 22. a5 Nxf4 23. Qxf4 Re5 24. axb6 cxb6 25. Rab1 Kc7 26. Qd2 Rb8 27. f4 Re7 28. Nf5 Re6 29. Nd4 Re7 30. Nf5 1/2-1/2

[Event "GER T191-C63-S email"]
[Site "GER email"]
[Date "2014.03.24"]
[Round "?"]
[White "Sausner, Carsten"]
[Black "Hoexter, Heinrich"]
[Result "1-0"]
[WhiteElo "1502"]
[BlackElo "2061"]
[PlyCount "39"]
[EventDate "2014.03.31"]
[EventType "tourn (corr)"]
[EventRounds "8"]
[EventCountry "GER"]
[SourceTitle "Corr 2020"]
[Source "ChessBase"]
[SourceDate "2019.09.30"]
[SourceVersion "1"]
[SourceVersionDate "2019.09.30"]
[SourceQuality "1"]

1. e4 e5 2. Nf3 Nc6 3. Bb5 f5 4. d3 Nf6 5. exf5 d6 6. 0-0 Bxf5 7. d4 a6 8. Bxc6+ bxc6 9. dxe5 dxe5 10. Qxd8+ Rxd8 11. Nxe5 Bc5 12. Nxc6 Rd6 13. Na5 Rd7 14. Nb3 Bb6 15. Na3 Ng4 16. Bd2 Be6 17. Ba5 Bxb3 18. Bxb6 Be6 19. Ba5 Kf7 20. Rfe1 1-0

[Event "GER T191-C63-S email"]
[Site "GER email"]
[Date "2014.03.24"]
[Round "?"]
[White "Sausner, Carsten"]
[Black "Jung, Reiner"]
[Result "1-0"]
[WhiteElo "1502"]
[BlackElo "2045"]
[PlyCount "87"]
[EventDate "2014.03.31"]
[EventType "tourn (corr)"]
[EventRounds "8"]
[EventCountry "GER"]
[SourceTitle "Corr 2020"]
[Source "ChessBase"]
[SourceDate "2019.09.30"]
[SourceVersion "1"]
[SourceVersionDate "2019.09.30"]
[SourceQuality "1"]

1. e4 e5 2. Nf3 Nc6 3. Bb5 f5 4. Nc3 fxe4 5. Nxe4 Nf6 6. Nxf6+ Qxf6 7. Qe2 Be7 8. Bxc6 dxc6 9. Nxe5 Bf5 10. 0-0 0-0 11. d3 Rae8 12. f4 Bd6 13. d4 c5 14. Be3 b6 15. Rf2 Qe6 16. Qf3 a5 17. b3 Bxe5 18. dxe5 Qg6 19. Rc1 h5 20. h3 Bc8 21. Qd5+ Kh7 22. Kh2 h4 23. Kh1 Be6 24. Qf3 Bf5 25. Kh2 Bc8 26. Qe2 Kg8 27. Rd1 Bf5 28. Rd2 a4 29. Rf3 axb3 30. axb3 Be4 31. Qc4+ Rf7 32. f5 Bxf5 33. Qxh4 Bd7 34. Rg3 Qc6 35. Rg5 Rf5 36. Qg3 Rxg5 37. Bxg5 Rf8 38. c4 Rf7 39. Bf6 Qe4 40. Rd5 Kh7 41. e6 Bxe6 42. Re5 Qg6 43. Qh4+ Kg8 44. Rxe6 1-0

[Event "GER T191-C63-S email"]
[Site "GER email"]
[Date "2014.03.24"]
[Round "?"]
[White "Sausner, Carsten"]
[Black "Nonnenmacher, Thomas"]
[Result "1-0"]
[WhiteElo "1502"]
[BlackElo "1655"]
[PlyCount "49"]
[EventDate "2014.03.31"]
[EventType "tourn (corr)"]
[EventRounds "8"]
[EventCountry "GER"]
[SourceTitle "Corr 2020"]
[Source "ChessBase"]
[SourceDate "2019.09.30"]
[SourceVersion "1"]
[SourceVersionDate "2019.09.30"]
[SourceQuality "1"]

1. e4 e5 2. Nf3 Nc6 3. Bb5 f5 4. d3 fxe4 5. dxe4 Nf6 6. 0-0 d6 7. Nc3 Bg4 8. h3 Bh5 9. Be3 h6 10. Be2 Bf7 11. a3 Qd7 12. Qd3 0-0-0 13. b4 g5 14. b5 Ne7 15. Bxa7 Ng6 16. Be3 Qe7 17. b6 c6 18. Rfd1 Bg7 19. Qd2 g4 20. hxg4 Nxg4 21. Nd5 Bxd5 22. exd5 Nxe3 23. fxe3 e4 24. Nd4 Bxd4 25. Bg4+ 1-0

[Event "GER T191-C63-S email"]
[Site "GER email"]
[Date "2014.03.24"]
[Round "?"]
[White "Schoenberger, Kay"]
[Black "Sausner, Carsten"]
[Result "1/2-1/2"]
[WhiteElo "2038"]
[BlackElo "1502"]
[PlyCount "82"]
[EventDate "2014.03.31"]
[EventType "tourn (corr)"]
[EventRounds "8"]
[EventCountry "GER"]
[SourceTitle "Corr 2020"]
[Source "ChessBase"]
[SourceDate "2019.09.30"]
[SourceVersion "1"]
[SourceVersionDate "2019.09.30"]
[SourceQuality "1"]

1. e4 e5 2. Nf3 Nc6 3. Bb5 f5 4. d3 fxe4 5. dxe4 Nf6 6. 0-0 d6 7. Nc3 a6 8. Be2 Be6 9. Ng5 Bg8 10. Nd5 Nd4 11. Bc4 Nxd5 12. exd5 Be7 13. c3 Nf5 14. f4 Bxg5 15. fxg5 g6 16. Bd3 Bf7 17. Be4 0-0 18. Rf2 Qd7 19. b3 a5 20. Qf3 a4 21. Rb1 axb3 22. axb3 Ne7 23. c4 c6 24. Qd3 cxd5 25. cxd5 Nf5 26. Bd2 Qc7 27. g4 Nd4 28. Be3 Qc5 29. Bxd4 exd4 30. Rc2 Qb6 31. Rd2 Qd8 32. h4 Be8 33. Kg2 Qe7 34. Bf3 Rf4 35. Re2 Qf7 36. Rf1 Bd7 37. Re4 Rf8 38. Rxf4 Qxf4 39. Bd1 Qe5 40. Rxf8+ Kxf8 41. Bf3 Qf4 1/2-1/2

[Event "GER T177-A52-S email"]
[Site "GER email"]
[Date "2013.09.08"]
[Round "?"]
[White "Fels, Bernhard"]
[Black "Sausner, Carsten"]
[Result "1/2-1/2"]
[WhiteElo "1911"]
[BlackElo "1502"]
[PlyCount "51"]
[EventDate "2013.09.12"]
[EventType "tourn (corr)"]
[EventRounds "8"]
[EventCountry "GER"]
[SourceTitle "Corr 2020"]
[Source "ChessBase"]
[SourceDate "2019.09.30"]
[SourceVersion "1"]
[SourceVersionDate "2019.09.30"]
[SourceQuality "1"]

1. d4 Nf6 2. c4 e5 3. dxe5 Ng4 4. Nf3 Bc5 5. e3 Nc6 6. Nc3 0-0 7. Be2 Re8 8. 0-0 Ngxe5 9. b3 Nxf3+ 10. Bxf3 Ne5 11. Be2 a5 12. Na4 Ba7 13. Bb2 d6 14. c5 Bd7 15. cxd6 Bc6 16. Bxe5 Rxe5 17. Bf3 cxd6 18. Rc1 d5 19. Nc3 d4 20. Bxc6 bxc6 21. exd4 Bxd4 22. g3 Qd6 23. Ne2 c5 24. Rc4 Rd8 25. Nxd4 cxd4 26. Qd3 1/2-1/2

[Event "GER T177-A52-S email"]
[Site "GER email"]
[Date "2013.09.08"]
[Round "?"]
[White "Sausner, Carsten"]
[Black "Fritsche, Frank"]
[Result "1/2-1/2"]
[WhiteElo "1502"]
[BlackElo "2170"]
[PlyCount "76"]
[EventDate "2013.09.12"]
[EventType "tourn (corr)"]
[EventRounds "8"]
[EventCountry "GER"]
[SourceTitle "Corr 2020"]
[Source "ChessBase"]
[SourceDate "2019.09.30"]
[SourceVersion "1"]
[SourceVersionDate "2019.09.30"]
[SourceQuality "1"]

1. d4 Nf6 2. c4 e5 3. dxe5 Ng4 4. Nf3 Bc5 5. e3 Nc6 6. Nc3 Ngxe5 7. Nxe5 Nxe5 8. f4 Ng6 9. Be2 0-0 10. 0-0 Re8 11. f5 Ne5 12. f6 g6 13. Qe1 a6 14. a4 c6 15. Qh4 d5 16. cxd5 cxd5 17. b4 Bf8 18. Ba3 h5 19. h3 d4 20. exd4 Ng4 21. hxg4 Qxd4+ 22. Qf2 Qxc3 23. gxh5 Bf5 24. Bf3 Rad8 25. Bb2 Qc4 26. Ba3 Rd3 27. Be2 Rxe2 28. Qxe2 Bd6 29. Rf2 Bg3 30. Rc1 Bxf2+ 31. Qxf2 Qd5 32. hxg6 Rxa3 33. gxf7+ Kxf7 34. Rc7+ Bd7 35. Qc5 Ra1+ 36. Kh2 Qxc5 37. bxc5 Rd1 38. Rxb7 Kxf6 1/2-1/2

[Event "GER T177-A52-S email"]
[Site "GER email"]
[Date "2013.09.08"]
[Round "?"]
[White "Wilshusen, Horst"]
[Black "Sausner, Carsten"]
[Result "0-1"]
[WhiteElo "1550"]
[BlackElo "1502"]
[PlyCount "78"]
[EventDate "2013.09.12"]
[EventType "tourn (corr)"]
[EventRounds "8"]
[EventCountry "GER"]
[SourceTitle "Corr 2020"]
[Source "ChessBase"]
[SourceDate "2019.09.30"]
[SourceVersion "1"]
[SourceVersionDate "2019.09.30"]
[SourceQuality "1"]

1. d4 Nf6 2. c4 e5 3. dxe5 Ng4 4. Nf3 Bc5 5. e3 Nc6 6. Be2 0-0 7. 0-0 Re8 8. Nc3 Ngxe5 9. b3 Nxf3+ 10. Bxf3 Ne5 11. Bb2 d6 12. Na4 Nxf3+ 13. Qxf3 Bb6 14. Qg3 f6 15. Qf3 Qe7 16. Rfe1 Qf7 17. Rad1 Qg6 18. h3 Bd7 19. Nc3 Bc6 20. Nd5 Re4 21. Bd4 Ba5 22. Re2 Bb4 23. g3 a5 24. Kh2 Rae8 25. Qg2 Qf7 26. f3 Bxd5 27. cxd5 R4e7 28. e4 f5 29. Rf1 Qg6 30. h4 fxe4 31. fxe4 Rxe4 32. Rxe4 Rxe4 33. Qf3 Qe8 34. Bg1 c6 35. dxc6 bxc6 36. Kh3 d5 37. Bb6 h6 38. Qf5 d4 39. Bxa5 g6 0-1

[Event "Eschborn op 10th"]
[Site "Eschborn"]
[Date "2013.08.31"]
[Round "2"]
[White "Simon, Manuel"]
[Black "Sausner, Carsten"]
[Result "0-1"]
[WhiteElo "1343"]
[BlackElo "1765"]
[PlyCount "100"]
[EventDate "2013.08.30"]
[EventType "swiss"]
[EventRounds "5"]
[EventCountry "GER"]
[SourceTitle "EXT 2014"]
[Source "ChessBase"]
[SourceDate "2013.11.20"]
[SourceVersion "1"]
[SourceVersionDate "2013.11.20"]
[SourceQuality "1"]

1. e4 e6 2. d4 d5 3. exd5 exd5 4. Nc3 c6 5. Bd3 Bd6 6. Nf3 Bg4 7. h3 Bh5 8. Be3 Ne7 9. 0-0 f6 10. Re1 0-0 11. Be2 Nf5 12. Qd2 Nxe3 13. Qxe3 Qc7 14. Nh4 Re8 15. Qd3 Bxe2 16. Rxe2 Na6 17. a3 Qf7 18. Nf5 Bf8 19. Rae1 g6 20. Nh4 Nc7 21. Qd2 Bd6 22. g3 Qd7 23. Kg2 Ne6 24. Nf3 Ng7 25. Nh2 Nf5 26. Ng4 Kg7 27. Na2 Rxe2 28. Rxe2 Re8 29. Nc3 Rxe2 30. Nxe2 h5 31. Ne3 h4 32. Ng4 Qe6 33. Qd3 hxg3 34. fxg3 Qe4+ 35. Qxe4 dxe4 36. Kf2 Ne7 37. Ne3 Nd5 38. c4 Nxe3 39. Kxe3 f5 40. g4 c5 41. gxf5 gxf5 42. d5 Kf6 43. h4 Bf8 44. Nf4 Bh6 45. b4 b6 46. bxc5 bxc5 47. d6 Kf7 48. d7 Ke7 49. h5 Kxd7 50. Ke2 Bxf4 0-1

[Event "GER T168-C18-S email"]
[Site "GER email"]
[Date "2013.03.25"]
[Round "?"]
[White "Offenborn, Heinz"]
[Black "Sausner, Carsten"]
[Result "1/2-1/2"]
[WhiteElo "2133"]
[BlackElo "1502"]
[PlyCount "43"]
[EventDate "2013.04.01"]
[EventType "tourn (corr)"]
[EventRounds "8"]
[EventCountry "GER"]
[SourceTitle "Corr 2015"]
[Source "ChessBase"]
[SourceDate "2015.07.17"]
[SourceVersion "1"]
[SourceVersionDate "2015.07.17"]
[SourceQuality "1"]

1. e4 e6 2. d4 d5 3. Nc3 Bb4 4. e5 c5 5. a3 Ba5 6. Qg4 Ne7 7. Qxg7 Rg8 8. Qxh7 cxd4 9. b4 Bc7 10. Nb5 a6 11. Nxc7+ Qxc7 12. Ne2 Qxe5 13. Bb2 Nbc6 14. Qd3 Bd7 15. Bxd4 Nxd4 16. Qxd4 Qd6 17. h4 Rc8 18. Rc1 Rc4 19. Qf6 Rg6 20. Qh8+ Rg8 21. Qf6 Rg6 22. Qh8+ 1/2-1/2

[Event "GER T168-C18-S email"]
[Site "GER email"]
[Date "2013.03.25"]
[Round "?"]
[White "Sausner, Carsten"]
[Black "Thoma, Eberhard"]
[Result "1-0"]
[WhiteElo "1502"]
[BlackElo "1881"]
[PlyCount "125"]
[EventDate "2013.04.01"]
[EventType "tourn (corr)"]
[EventRounds "8"]
[EventCountry "GER"]
[SourceTitle "Corr 2015"]
[Source "ChessBase"]
[SourceDate "2015.07.17"]
[SourceVersion "1"]
[SourceVersionDate "2015.07.17"]
[SourceQuality "1"]

1. e4 e6 2. d4 d5 3. Nc3 Bb4 4. e5 c5 5. a3 Ba5 6. b4 cxb4 7. Nb5 Nc6 8. Bd2 bxa3 9. Rxa3 Bxd2+ 10. Qxd2 Nh6 11. Nd6+ Kf8 12. Nf3 Nf5 13. Nxf5 exf5 14. Bb5 Bd7 15. 0-0 a6 16. Be2 Qe7 17. Rb3 b5 18. Ra1 Ra7 19. c3 h5 20. Ne1 h4 21. h3 Rh6 22. Nd3 Qd8 23. Rba3 Bc8 24. Nc5 Qb6 25. Qf4 Kg8 26. Bf3 Ne7 27. Nd3 Be6 28. Qd2 Bc8 29. Nb4 Bb7 30. Be2 f6 31. e6 Ra8 32. Ra5 Nc6 33. Nxd5 Qd8 34. c4 Nxa5 35. Qxa5 Qxa5 36. Rxa5 Kf8 37. Nb6 Re8 38. d5 bxc4 39. Rc5 Bxd5 40. Nxd5 Rxe6 41. Bxc4 g6 42. Rc8+ Kg7 43. Rc7+ Kh8 44. Kf1 Rd6 45. Rc8+ Kg7 46. Nc7 Rb6 47. Ne6+ Kh7 48. Rc7+ Kh8 49. Nd8 Rh5 50. Ke2 f4 51. Kf3 a5 52. Ne6 Rb8 53. Nxf4 Rh6 54. Bf7 g5 55. Ng6+ Kg7 56. Be8+ Kg8 57. Ne7+ Kf8 58. Nf5 Kxe8 59. Nxh6 Ra8 60. Ng4 Ra6 61. Rc3 Kf7 62. Ne3 Kg6 63. Nc4 1-0

[Event "Mainz sim"]
[Site "Mainz"]
[Date "2007.08.13"]
[Round "?"]
[White "Ivanchuk, Vassily"]
[Black "Sausner, Carsten"]
[Result "1-0"]
[WhiteElo "2762"]
[BlackElo "800"]
[PlyCount "51"]
[EventDate "2007.08.13"]
[EventType "simul"]
[EventRounds "1"]
[EventCountry "GER"]
[SourceTitle "CBM 119 Extra"]
[Source "ChessBase"]
[SourceDate "2007.09.04"]
[SourceVersion "1"]
[SourceVersionDate "2007.09.04"]
[SourceQuality "1"]

1. Nf3 d5 2. c4 c6 3. e3 Nf6 4. Nc3 a6 5. Qc2 g6 6. b3 Bg7 7. Bb2 0-0 8. Be2 Bf5 9. d3 Re8 10. 0-0 Qc7 11. Rac1 dxc4 12. bxc4 c5 13. Nd5 Nxd5 14. cxd5 Bxb2 15. Qxb2 Bg4 16. d4 Nd7 17. dxc5 Nxc5 18. Qd4 Bxf3 19. Rxc5 Qxc5 20. Qxc5 Bxe2 21. Rc1 Bg4 22. Qb4 Be2 23. Qxb7 Bc4 24. Rxc4 Rab8 25. Qc6 Rb1+ 26. Rc1 1-0